01349nam a2200241Ia 4500001001100000003001000011008004100021040002500062041001300087100001900100245001900119250001100138260006400149300001200213500026000225501011400485520026000599650003100859942000700890957000600897999004200903952016200945L922-41434IT-CnALBA170116s9999||||xx |||||||||||||| ||und|| aIT-CnALBAcIT-CnALBA aITALIANO aBUCCELLI MARIO 0aLA POMPADOUR.  a5a ed. aMILANObDALL'OGLIO CORBACCIO EDITORE c1962 [1° Ed.: n.d.] a294 p.  aG. A. POISSON. LASIGNORA D'ETIOLES. LUIGI XV. LE AMANTI DEL RE. LA MARCHESA POMPADOUR A CORTE. OPPOSIZIONE. PER DIVERSIVO DEL RE. I PARENTI. LA MURPHY. LOTTE. LA CONVERSIONE IN MORTE. PER LA GLORIA. L'ONNIPOTENZZ. TRAMONTO. INDICE ILLUSTRAZIONI. TESTAMENT aSocietà San Paolo EM - Piazza San Paolo, 14 - 12051 ALBA (CN) (non commercial uses only) ® Copyright 2017 aG. A. POISSON. LASIGNORA D'ETIOLES. LUIGI XV. LE AMANTI DEL RE. LA MARCHESA POMPADOUR A CORTE. OPPOSIZIONE. PER DIVERSIVO DEL RE. I PARENTI. LA MURPHY. LOTTE. LA CONVERSIONE IN MORTE. PER LA GLORIA. L'ONNIPOTENZZ. TRAMONTO. INDICE ILLUSTRAZIONI. TESTAMENT aBIOGRAFIE, UOMINI ILLUSTRI cBK 71 a46663bNOg Copie: 1 c300402d300402 0010406L_9224143471aALBAbALBAd2017-01-16l0oL922-41434r2017-01-16 00:00:00w2017-01-16yBKz(data import: 16 gennaio 2017) - By Epidotti, Vaglietti.